Mecánica Vectorial Para Ingenieros: Estática

Bibliographic Details
Main Author: Nara, Harry R
Format: Section = Libro
Language:Undetermined
Spanish
Published: México Limusa 1964
Subjects:
LEADER 00576nam a2200217Ia 4500
008 241007s9999||||xx |||||||||||||| ||und||
020 |a 968-180612-3 
040 |a BIBLIOTECA-RURC/ 620.103 N218 
041 |a spa 
082 |a 620.103 N218 
100 1 |a Nara, Harry R 
245 1 0 |a Mecánica Vectorial Para Ingenieros: Estática 
260 |a México  |b Limusa  |c 1964 
300 |a 479 p. :il. 
650 7 |a EQUILIBRIO ESTATICO 
650 7 |b  ESTABILIDAD DEL EQUILIBRIO 
650 7 |c  ESTRUCTURAS 
650 7 |d  TRABAJO VIRTUAL. 
942 |c BK  |2 ddc 
991 |a TEXTO 
999 |c 14431